[Event "GER-ch U14"]
[Site "Willingen"]
[Date "2021.08.26"]
[Round "6"]
[White "Ensslinger, Colin"]
[Black "Von Mettenheim, Johannes"]
[Result "0-1"]
[WhiteElo "1729"]
[BlackElo "1953"]
[PlyCount "74"]
[EventDate "2021.08.22"]
[EventType "swiss"]
[EventRounds "9"]
[EventCountry "GER"]
[SourceTitle "EXT 2022"]
[Source "ChessBase"]
[SourceDate "2021.10.06"]
[SourceVersion "1"]
[SourceVersionDate "2021.10.06"]
[SourceQuality "1"]

1. e4 c6 2. d4 d5 3. exd5 cxd5 4. Bd3 Nc6 5. c3 Qc7 6. Ne2 Bg4 7. 0-0 e6 8. Qe1 g6 9. f3 Bf5 10. Bxf5 gxf5 11. Bf4 Bd6 12. Bxd6 Qxd6 13. Qg3 Qxg3 14. hxg3 Nf6 15. Nf4 h5 16. Kf2 h4 17. gxh4 Rxh4 18. Nd3 Ke7 19. Nd2 Rah8 20. a4 Ne8 21. a5 Nd6 22. Ne5 Nxe5 23. dxe5 Nc4 24. Nxc4 Rxc4 25. a6 b6 26. Ke3 Rg8 27. Rf2 Rh4 28. f4 Rhg4 29. Ra4 Rxg2 30. Rxg2 Rxg2 31. Rb4 Rg1 32. Ra4 Re1+ 33. Kf3 Rb1 34. Ra2 f6 35. b4 Rb3 36. Rh2 Rxc3+ 37. Kf2 Rc2+ 0-1

[Event "GER Cup Net Final-B U2000"]
[Site "Playchess.com INT"]
[Date "2020.06.06"]
[Round "3"]
[White "Albert, Gerhard"]
[Black "Ensslinger, Colin"]
[Result "1-0"]
[WhiteElo "1655"]
[BlackElo "1813"]
[PlyCount "56"]
[EventDate "2020.06.06"]
[EventType "swiss (blitz)"]
[EventRounds "13"]
[EventCountry "GER"]
[SourceTitle "CBM 197 Extra"]
[Source "ChessBase"]
[SourceDate "2020.09.30"]
[SourceVersion "1"]
[SourceVersionDate "2020.09.30"]
[SourceQuality "1"]

1. e4 c5 2. c3 d5 3. exd5 Qxd5 4. d4 cxd4 5. cxd4 e5 6. Nf3 Bg4 7. Be2 Bxf3 8. Bxf3 e4 9. Be2 Nc6 10. Be3 Bb4+ 11. Nc3 0-0-0 12. 0-0 Bxc3 13. bxc3 g5 14. c4 Qa5 15. Bg4+ Kb8 16. d5 h5 17. Be2 f6 18. Qb3 Ne5 19. Rab1 Rd7 20. Bd4 Ne7 21. Rfc1 Rc8 22. Bxe5+ fxe5 23. Bxh5 Rh8 24. Bg4 Rc7 25. h3 Qc5 26. Qb2 Nc8 27. Qxe5 Nd6 28. Qxh8+ Rc8 1-0

[Event "GER Cup Net Final-B U2000"]
[Site "Playchess.com INT"]
[Date "2020.06.06"]
[Round "5"]
[White "Ensslinger, Colin"]
[Black "Rempe, Jonas"]
[Result "0-1"]
[WhiteElo "1767"]
[BlackElo "1711"]
[PlyCount "82"]
[EventDate "2020.06.06"]
[EventType "swiss (blitz)"]
[EventRounds "13"]
[EventCountry "GER"]
[SourceTitle "CBM 197 Extra"]
[Source "ChessBase"]
[SourceDate "2020.09.30"]
[SourceVersion "1"]
[SourceVersionDate "2020.09.30"]
[SourceQuality "1"]

1. b3 Nf6 2. Bb2 g6 3. e3 Bg7 4. Nf3 0-0 5. Be2 d6 6. Kf1 Nbd7 7. d3 c6 8. Nbd2 Qc7 9. g3 e5 10. Kg2 Ne8 11. Rf1 f5 12. c4 Nef6 13. d4 e4 14. Nh4 Nb6 15. Kg1 g5 16. Ng2 d5 17. f4 g4 18. Kf2 h5 19. Rh1 c5 20. h3 Be6 21. hxg4 hxg4 22. Rc1 Nbd7 23. dxc5 Nxc5 24. cxd5 Nxd5 25. Bxg7 Kxg7 26. Qc2 b6 27. Bc4 Qd7 28. Rhd1 Rac8 29. Bxd5 Nd3+ 30. Ke2 Rxc2 31. Rxc2 Qxd5 32. Nc4 Qb5 33. Ne1 Bxc4 34. bxc4 Qc6 35. Nxd3 exd3+ 36. Rxd3 Qf3+ 37. Kd2 Qxg3 38. Kc3 Qf3 39. Rcd2 g3 40. Rd4 g2 41. Rd1 Qf2 0-1

[Event "GER Pfingstopen U16"]
[Site "Playchess.com INT"]
[Date "2020.06.05"]
[Round "4"]
[White "Ensslinger, Colin"]
[Black "Khachatryan, Taron"]
[Result "0-1"]
[WhiteElo "1826"]
[BlackElo "1678"]
[PlyCount "54"]
[EventDate "2020.06.05"]
[EventType "swiss (blitz)"]
[EventRounds "11"]
[EventCountry "GER"]
[SourceTitle "CBM 197 Extra"]
[Source "ChessBase"]
[SourceDate "2020.09.30"]
[SourceVersion "1"]
[SourceVersionDate "2020.09.30"]
[SourceQuality "1"]

1. b3 Nf6 2. Bb2 e6 3. e3 d5 4. Nf3 Nbd7 5. d3 b6 6. Nbd2 Bb7 7. Be2 Be7 8. 0-0 0-0 9. Ne5 Nxe5 10. Bxe5 Nd7 11. Bb2 a5 12. Nf3 a4 13. c4 Bf6 14. Bxf6 Nxf6 15. Qc2 c5 16. Ne5 Qd6 17. Qb2 a3 18. Qc3 d4 19. exd4 cxd4 20. Nxf7 Rxf7 21. Qd2 e5 22. f3 Nh5 23. g3 Raf8 24. Qg5 Rf5 25. Qg4 Bc8 26. Qe4 Nf6 27. Qh4 Rh5 0-1

[Event "GER Cup Net V2 U2000"]
[Site "Playchess.com INT"]
[Date "2020.05.22"]
[Round "5"]
[White "Ensslinger, Colin"]
[Black "Guder, Sibylle"]
[Result "0-1"]
[WhiteElo "1775"]
[BlackElo "1890"]
[PlyCount "62"]
[EventDate "2020.05.22"]
[EventType "swiss (blitz)"]
[EventRounds "9"]
[EventCountry "GER"]
[SourceTitle "EXT 2021"]
[Source "ChessBase"]
[SourceDate "2020.10.23"]
[SourceVersion "1"]
[SourceVersionDate "2020.10.23"]
[SourceQuality "1"]

1. b3 e5 2. Bb2 d6 3. d4 exd4 4. Nf3 Nf6 5. Nxd4 Nbd7 6. e3 g6 7. Nd2 Bg7 8. Be2 0-0 9. 0-0 c6 10. c4 Re8 11. Qc2 a5 12. Bf3 Qc7 13. Rfd1 Nc5 14. Rac1 h5 15. h3 Bd7 16. a3 Nh7 17. Be2 Ng5 18. N2f3 Nge4 19. Nd2 Nxd2 20. Rxd2 Ne4 21. Rdd1 Qd8 22. Bf3 Ng5 23. Be2 Qe7 24. Re1 Rad8 25. Nf3 Bf5 26. Qd2 Ne4 27. Qxa5 Bxb2 28. Rb1 Bc3 29. Qa7 Bxe1 30. Rxe1 c5 31. Qxb7 Qxb7 0-1

[Event "GER Cup Net V2 U2000"]
[Site "Playchess.com INT"]
[Date "2020.05.22"]
[Round "2"]
[White "Ensslinger, Colin"]
[Black "Hofmann, Matthias1111"]
[Result "1-0"]
[WhiteElo "1775"]
[BlackElo "1622"]
[PlyCount "103"]
[EventDate "2020.05.22"]
[EventType "swiss (blitz)"]
[EventRounds "9"]
[EventCountry "GER"]
[SourceTitle "EXT 2021"]
[Source "ChessBase"]
[SourceDate "2020.10.23"]
[SourceVersion "1"]
[SourceVersionDate "2020.10.23"]
[SourceQuality "1"]

1. b3 Nf6 2. Bb2 e6 3. Nf3 d5 4. e3 c5 5. d4 Nc6 6. Bb5 Qb6 7. Bxc6+ bxc6 8. dxc5 Bxc5 9. 0-0 Be7 10. Nbd2 Ba6 11. Re1 0-0 12. e4 dxe4 13. Nxe4 Nxe4 14. Rxe4 Rad8 15. Rd4 Bf6 16. c3 Bxd4 17. cxd4 Rd5 18. Qc2 h6 19. Ba3 Rfd8 20. Bc5 Qb5 21. a4 Qb7 22. Rb1 R8d7 23. Ne5 Rd8 24. Ng4 Qd7 25. Ne3 Rh5 26. Qd1 Rg5 27. h4 Rg6 28. h5 Rg5 29. f4 Rxc5 30. dxc5 Qxd1+ 31. Rxd1 Rxd1+ 32. Nxd1 Bd3 33. Ne3 Be4 34. Kf2 Bd5 35. b4 Kf8 36. Nxd5 exd5 37. b5 cxb5 38. axb5 Ke7 39. Ke3 Ke6 40. g4 g6 41. Kd4 gxh5 42. gxh5 f6 43. b6 axb6 44. cxb6 Kd6 45. b7 Kc7 46. Kxd5 Kxb7 47. Ke6 Kc7 48. Kxf6 Kd6 49. Kg6 Ke6 50. f5+ Ke7 51. Kg7 Ke8 52. f6 1-0

[Event "GER-ch Net blitz qual4"]
[Site "Playchess.com INT"]
[Date "2020.03.23"]
[Round "2"]
[White "Ensslinger, Colin"]
[Black "Flach, Erich"]
[Result "1-0"]
[WhiteElo "1773"]
[BlackElo "2073"]
[PlyCount "57"]
[EventDate "2020.03.23"]
[EventType "swiss (blitz)"]
[EventRounds "9"]
[EventCountry "GER"]
[SourceTitle "CBM 195 Extra"]
[Source "ChessBase"]
[SourceDate "2020.05.31"]
[SourceVersion "1"]
[SourceVersionDate "2020.05.31"]
[SourceQuality "1"]

1. b3 e5 2. Bb2 Nc6 3. e3 d5 4. Bb5 Bd6 5. Nf3 f6 6. c4 a6 7. Ba4 dxc4 8. bxc4 Nge7 9. 0-0 Be6 10. Qe2 0-0 11. d4 Bg4 12. d5 Nb8 13. Nbd2 Nd7 14. h3 Bh5 15. Bxd7 Qxd7 16. Qd3 Bg6 17. e4 Nc8 18. Rac1 Qe7 19. Nb3 Bc5 20. Nxc5 Qxc5 21. Ba3 Qa5 22. Bxf8 Kxf8 23. Nh4 Bf7 24. c5 Qxa2 25. d6 cxd6 26. cxd6 Nb6 27. d7 Rd8 28. Qd6+ Kg8 29. Qxb6 1-0

[Event "GER-ch Net blitz qual3"]
[Site "Playchess.com INT"]
[Date "2020.03.21"]
[Round "9"]
[White "Ensslinger, Colin"]
[Black "Altenbernd, Jannis Domenik"]
[Result "0-1"]
[WhiteElo "1773"]
[BlackElo "2011"]
[PlyCount "67"]
[EventDate "2020.03.21"]
[EventType "swiss (blitz)"]
[EventRounds "9"]
[EventCountry "GER"]
[SourceTitle "CBM 195 Extra"]
[Source "ChessBase"]
[SourceDate "2020.05.31"]
[SourceVersion "1"]
[SourceVersionDate "2020.05.31"]
[SourceQuality "1"]

1. b3 Nf6 2. Bb2 g6 3. Nf3 Bg7 4. e3 0-0 5. Be2 b6 6. 0-0 Bb7 7. d4 d6 8. c4 Ne4 9. Nbd2 Nd7 10. Nxe4 Bxe4 11. Bd3 Bxd3 12. Qxd3 c5 13. Rab1 Qc7 14. d5 Bxb2 15. Rxb2 a6 16. e4 Rfb8 17. Re1 b5 18. Rbe2 bxc4 19. bxc4 f6 20. Nd2 Ne5 21. Qc3 g5 22. g3 g4 23. h3 h5 24. hxg4 hxg4 25. Kg2 Kg7 26. f3 Qd7 27. f4 Ng6 28. Nb3 Rh8 29. Rh1 Rxh1 30. Kxh1 Rh8+ 31. Kg2 Rh3 32. Na5 Nxf4+ 33. Kf2 Rh2+ 34. Kg1 0-1

[Event "Pfalz op-B 11th"]
[Site "Neustadt an der Weinstrasse"]
[Date "2020.02.22"]
[Round "2"]
[White "Ensslinger, Colin"]
[Black "Buchinger, Alexis"]
[Result "1-0"]
[WhiteElo "1755"]
[BlackElo "1569"]
[PlyCount "71"]
[EventDate "2020.02.21"]
[EventType "swiss"]
[EventRounds "7"]
[EventCountry "GER"]
[SourceTitle "CBM 195 Extra"]
[Source "ChessBase"]
[SourceDate "2020.05.31"]
[SourceVersion "1"]
[SourceVersionDate "2020.05.31"]
[SourceQuality "1"]

1. c4 e5 2. g3 Nf6 3. Bg2 Bc5 4. Nc3 0-0 5. e3 Nc6 6. a3 d6 7. Nge2 a6 8. d4 Ba7 9. 0-0 Re8 10. b4 exd4 11. Nxd4 Nxd4 12. exd4 Bg4 13. Qd3 Qc8 14. Bg5 Bf5 15. Qd2 Ne4 16. Nxe4 Bxe4 17. f3 Bf5 18. Rfe1 Rxe1+ 19. Rxe1 Be6 20. c5 d5 21. f4 c6 22. Qe3 Qd7 23. h3 Bxh3 24. Bxh3 f5 25. Qe6+ Qxe6 26. Rxe6 a5 27. Bxf5 axb4 28. axb4 Bb8 29. Re8+ Kf7 30. Re7+ Kf8 31. Rxb7 Ra1+ 32. Kg2 Bxf4 33. Bxf4 g5 34. Bd6+ Ke8 35. Be6 h5 36. Rb8# 1-0

[Event "GER-chT Lands U20"]
[Site "Wuerzburg"]
[Date "2019.10.06"]
[Round "7.6"]
[White "Buchholz, Maja Patricia"]
[Black "Ensslinger, Colin"]
[Result "0-1"]
[WhiteElo "1711"]
[BlackElo "1666"]
[PlyCount "104"]
[EventDate "2019.10.01"]
[EventType "team-swiss"]
[EventRounds "7"]
[EventCountry "GER"]
[SourceTitle "EXT 2020"]
[Source "ChessBase"]
[SourceDate "2019.10.17"]
[SourceVersion "1"]
[SourceVersionDate "2019.10.17"]
[SourceQuality "1"]
[WhiteTeam "Hessen"]
[BlackTeam "South Team"]
[WhiteTeamCountry "GER"]
[BlackTeamCountry "GER"]

1. d4 Nf6 2. c4 b6 3. Nc3 Bb7 4. Qc2 d5 5. cxd5 Nxd5 6. e4 Nxc3 7. bxc3 e5 8. Nf3 exd4 9. cxd4 Bb4+ 10. Bd2 Bxd2+ 11. Kxd2 0-0 12. Bd3 Nc6 13. Qc3 Qe7 14. Rhe1 Rad8 15. Re2 Nb4 16. Ke1 Nxd3+ 17. Qxd3 Qb4+ 18. Qd2 Qxd2+ 19. Kxd2 Rfe8 20. Rae1 Re7 21. Kc3 Rde8 22. Nd2 f6 23. g3 Kf7 24. f4 c5 25. dxc5 Rc8 26. Re3 Rxc5+ 27. Kb3 Rd7 28. Nb1 Ba6 29. e5 Bc4+ 30. Kb2 fxe5 31. Rxe5 Rxe5 32. Rxe5 Re7 33. Rxe7+ Kxe7 34. Nd2 Bd5 35. a3 Kd6 36. Nb3 Be4 37. Kc3 Kd5 38. Nd2 h5 39. a4 g6 40. Nc4 Bf5 41. h4 Ke4 42. Nd6+ Kf3 43. Nxf5 gxf5 44. Kc4 Kxg3 45. Kb5 Kxh4 46. Ka6 Kg4 47. Kxa7 h4 48. Kxb6 h3 49. a5 h2 50. a6 h1Q 51. Ka7 Qa1 52. Kb7 Qxa6+ 0-1

[Event "GER-ch U12"]
[Site "Willingen"]
[Date "2019.06.12"]
[Round "5"]
[White "Ensslinger, Colin"]
[Black "Werner, Florin"]
[Result "1-0"]
[WhiteElo "1690"]
[BlackElo "1288"]
[PlyCount "133"]
[EventDate "2019.06.08"]
[EventType "swiss"]
[EventRounds "9"]
[EventCountry "GER"]
[SourceTitle "CBM 191 Extra"]
[Source "ChessBase"]
[SourceDate "2019.09.30"]
[SourceVersion "1"]
[SourceVersionDate "2019.09.30"]
[SourceQuality "1"]

1. c4 e5 2. g3 Nc6 3. Bg2 f5 4. Nc3 Nf6 5. e3 d5 6. Nxd5 Nxd5 7. cxd5 Nb4 8. d4 e4 9. Bf1 Nxd5 10. Bc4 Be6 11. Bd2 Be7 12. Ne2 c6 13. Qb3 b5 14. Bxd5 Bxd5 15. Qc2 Rc8 16. Nf4 Bf7 17. Rc1 0-0 18. 0-0 Qc7 19. b4 Bc4 20. Rfe1 Bg5 21. Nh3 Be7 22. Kg2 Bd3 23. Qb2 Rb8 24. Rc3 Bc4 25. Rec1 Rfc8 26. a4 a6 27. Ng1 Qd6 28. R3c2 Bd3 29. Rc5 Qf6 30. R5c3 bxa4 31. Qa2+ Kf8 32. Qxa4 Bb5 33. Qa3 Qe6 34. Qb3 Qxb3 35. Rxb3 Re8 36. Kh1 h6 37. h3 Kf7 38. Rb2 h5 39. h4 g5 40. hxg5 Bxg5 41. Nh3 Be7 42. Nf4 h4 43. gxh4 Bxh4 44. Rc5 Bf6 45. Rxf5 Rh8+ 46. Nh5 Rh6 47. Rxf6+ Rxf6 48. Nxf6 Kxf6 49. Rc2 Ke6 50. Rc5 Rh8+ 51. Kg2 Rg8+ 52. Kh3 Rh8+ 53. Kg3 Kf6 54. d5 cxd5 55. Bc3+ Ke6 56. Bxh8 Kd6 57. Kf4 Ke6 58. Be5 Ba4 59. Bd4 Bb5 60. Rc8 Kd7 61. Rc5 Ke6 62. Rxb5 axb5 63. Kg5 Ke7 64. Kf5 Kd6 65. Kf6 Kd7 66. Ke5 Kc6 67. Ke6 1-0

[Event "GER-ch U12"]
[Site "Willingen"]
[Date "2019.06.12"]
[Round "6"]
[White "Morczynski, Joachim"]
[Black "Ensslinger, Colin"]
[Result "1/2-1/2"]
[WhiteElo "1733"]
[BlackElo "1690"]
[PlyCount "104"]
[EventDate "2019.06.08"]
[EventType "swiss"]
[EventRounds "9"]
[EventCountry "GER"]
[SourceTitle "CBM 191 Extra"]
[Source "ChessBase"]
[SourceDate "2019.09.30"]
[SourceVersion "1"]
[SourceVersionDate "2019.09.30"]
[SourceQuality "1"]

1. e4 c5 2. Nf3 Nc6 3. Bb5 Nf6 4. e5 Nd5 5. 0-0 g6 6. c3 Bg7 7. d4 Nc7 8. Ba4 b5 9. Bb3 0-0 10. Re1 d6 11. exd6 exd6 12. dxc5 dxc5 13. Bf4 Ne6 14. Bxe6 Bxe6 15. Bd6 Re8 16. Bxc5 Qxd1 17. Rxd1 Bg4 18. Nbd2 Ne5 19. h3 Bxf3 20. Nxf3 Nxf3+ 21. gxf3 Re2 22. Rab1 a5 23. Be3 b4 24. Rd2 Rxd2 25. Bxd2 Rd8 26. Be1 bxc3 27. bxc3 Rd3 28. Rb8+ Bf8 29. Ra8 Kg7 30. Rxa5 Rxf3 31. Kg2 Rd3 32. c4 Ra3 33. Rxa3 Bxa3 34. Bc3+ Kf8 35. Kf3 Ke7 36. Ke4 Kd6 37. Bd4 h5 38. Kf4 Bc1+ 39. Be3 Bb2 40. a4 Kc6 41. a5 Kb7 42. Bb6 Bc3 43. c5 Bf6 44. f3 Be7 45. Ke5 g5 46. Kd5 Bxc5 47. Kxc5 f5 48. Bd8 g4 49. fxg4 fxg4 50. hxg4 hxg4 51. Kd4 Ka8 52. Ke4 Kb7 1/2-1/2